|
|
|
|
| LEADER |
01198nam a2200253 a 4500 |
| 001 |
00026937 |
| 008 |
130403s2007 bg a b 001 0 ben d |
| 999 |
|
|
|c 13378
|d 13378
|
| 020 |
|
|
|a 984300000966
|
| 040 |
|
|
|a BD-DhAAL
|c BD-DhAAL
|
| 041 |
|
|
|a Ben
|
| 082 |
0 |
0 |
|a 709.74954922
|2 22
|
| 245 |
0 |
0 |
|a চারু ও কারু কলা /
|c সম্পাদক লালা রুখ সেলিম
|
| 260 |
|
|
|a ঢাকা :
|b বাংলাদেশ এশিয়াটিক সোসাইটি,
|c ২০০৭
|
| 300 |
|
|
|a xxi, ৬১৪ পৃ. ;
|c ২৫ সে.মি.
|
| 490 |
0 |
|
|a বাংলাদেশ সাংস্কৃতিক সমীক্ষামালা-৮
|
| 500 |
|
|
|a গ্রন্থপঞ্জি ও নির্ঘণ্ট অন্তর্ভূক্ত.
|
| 541 |
1 |
|
|e 00026937
|
| 650 |
|
|
|a Arts, Bangladeshi
|9 25490
|
| 651 |
|
|
|a Bangladesh
|9 25493
|
| 700 |
1 |
|
|a সেলিম, লালা রুখ.
|9 25491
|
| 852 |
1 |
|
|a Ayesha Abed Library
|j General shelf
|
| 942 |
|
|
|2 ddc
|c BK
|
| 952 |
|
|
|0 0
|1 0
|2 ddc
|4 0
|6 709_749549220000000_CHA
|7 0
|9 22294
|a IGS
|b IGS
|c GEN
|d 2012-04-27
|e Mullick & Brothers
|g 709.00
|l 0
|o 709.74954922 CHA
|p 3010026937
|r 2013-05-02
|t 1
|w 2012-04-27
|y BK
|